000 02053nam0a2200337 4500
001 RU\NLR\BIBL_A\011398686
005 20240922035653.0
010 _a9785903631124
_9250
021 _aRU
_b2017-34750
_92550
035 _a(RuMoRGB)008885350
035 _a(NLR Aleph) 011398686
090 _a11495160
_c11495160
100 _a20170602d2017 u y0rusy50 ca
101 0 _arus
102 _aRU
105 _aa|||z 000zy
200 1 _aФормирование клиентурных отношений в сфере сервиса
_eучебное пособие
_fНиколенко Полина Григорьевна, Терехов Андрей Михайлович
_gМинистерство образования Нижегородской области "Институт пищевых технологий и дизайна" - филиал государственного бюджетного образовательного учреждения высшего образования "Нижегородский государственный инженерно-экономический университет"
210 _aНижний Новгород
_cИПТД
_d2017
215 _a175 с.
_cил.
_d21
320 _aБиблиогр. в конце разд.
606 1 _aСфера услуг
_jУчебные издания для высших учебных заведений
_yРоссийская Федерация
_92101649
_3RU\NLR\AUTH\661270988
606 1 _aСфера услуг
_jУчебные издания для высших учебных заведений
_xМаркетинг
_xУправление
_92237006
_3RU\NLR\AUTH\661342453
610 0 _aклиентурные отношения в сфере сервиса
686 1 _aУ49(2)я73
686 1 _aУ49(2)-361.4я73
700 1 _aНиколенко
_bП. Г.
_gПолина Григорьевна
701 1 _aТерехов
_bА. М.
_gАндрей Михайлович
942 _cBOOK
980 _aNBR